00223 a2200109 4500001000700000020000600007040001100013100002900024240002800053245002300081362000900104164433 a  cMagnum aGuzzo, Raquel Souza Lobo10aPsicologia escolarlpor10aPsicologia escolar0 a1899